La hoguera de Montsegur (Record no. 42554)

MARC details
000 -LEADER
campo de control de longitud fija 00867nam a2200277 i 4500
001 - NÚMERO DE CONTROL
campo de control 42554
003 - IDENTIFICADOR DE NÚMERO DE CONTROL
campo de control ES-MaACL
005 - FECHA Y HORA DE LA ÚLTIMA TRANSACCIÓN
campo de control 20230906160633.0
007 - CAMPO FIJO DE DESCRIPCIÓN FÍSICA--INFORMACIÓN GENERAL
campo de control de longitud fija t|
008 - DATOS DE LONGITUD FIJA--INFORMACIÓN GENERAL
campo de control de longitud fija 030407s2002 sp ||||1| spa d
020 ## - NÚMERO INTERNACIONAL ESTÁNDAR DEL LIBRO
Número Internacional Estándar del Libro 84-350-2612-4
080 ## - NÚMERO DE LA CLASIFICACIÓN DECIMAL UNIVERSAL
Número de la Clasificación Decimal Universal 273.233(091)
100 1# - ENTRADA PRINCIPAL--NOMBRE DE PERSONA
Nombre de persona Oldenbourg, Zoé.
9 (RLIN) 86693
245 13 - MENCIÓN DEL TÍTULO
Título La hoguera de Montsegur
Resto del título : 16 de marzo de 1244 /
Mención de responsabilidad, etc. Zoé Oldenbourg ; [ traducción y prólogo: Antoni Dalmau].
250 ## - MENCION DE EDICION
Mención de edición 1ª ed.
260 ## - PUBLICACIÓN, DISTRIBUCIÓN, ETC.
Lugar de publicación, distribución, etc. Barcelona :
Nombre del editor, distribuidor, etc. Edhasa,
Fecha de publicación, distribución, etc. 2002.
300 ## - DESCRIPCIÓN FÍSICA
Extensión 548 p. ;
Dimensiones 23 cm.
490 1# - MENCIÓN DE SERIE
Mención de serie Ensayo histórico
500 ## - NOTA GENERAL
Nota general Subtit. de la cub.: Los cátaros en la historia.
504 ## - NOTA DE BIBLIOGRAFÍA, ETC.
Nota de bibliografía, etc. Bibliografía: p.[479]-518.
650 #4 - PUNTO DE ACCESO ADICIONAL DE MATERIA--TÉRMINO DE MATERIA
Término de materia o nombre geográfico como elemento de entrada Cátaros-
Subdivisión de forma Historia.
9 (RLIN) 10842
700 1# - ENTRADA AGREGADA--NOMBRE PERSONAL
Nombre de persona Dalmau, Antoni.
9 (RLIN) 42508
830 0# - PUNTO DE ACCESO ADICIONAL DE SERIE-TÍTULO UNIFORME
Título uniforme Ensayo histórico
9 (RLIN) 181946
852 ## - LOCALIZACIÓN
Ubicación ES-MaACL
Número de control de estantería L-26146
Sublocalización o colección R.131897
Holdings
Estatus retirado Estado de pérdida Estado de daño No para préstamo Biblioteca de origen Biblioteca actual Ubicación en estantería Fecha de adquisición Fuente de adquisición Total de préstamos Signatura topográfica completa Código de barras Visto por última vez Precio de reemplazo Tipo de ítem Koha
        Biblioteca del Ateneo de Madrid Biblioteca del Ateneo de Madrid Depósito 2 17/01/2008     L-26146 1044796 23/02/2023 23/02/2023 Libro impreso